Central Library OPAC University of Rajshahi

Racquetball / (Record no. 16442)

MARC details
000 -LEADER
fixed length control field 00835cam a2200289 i 4500
001 - CONTROL NUMBER
control field 16442
003 - CONTROL NUMBER IDENTIFIER
rucl marc code BD-RjUL
005 - DATE AND TIME OF LATEST TRANSACTION
control field 20211209000017.0
008 - FIXED-LENGTH DATA ELEMENTS--GENERAL INFORMATION
fixed length control field 140213s1977 caua b 000 0 eng d
020 ## - INTERNATIONAL STANDARD BOOK NUMBER
International Standard Book Number 0874844266
035 ## - SYSTEM CONTROL NUMBER
System control number (BD-RjUL)16497
040 ## - CATALOGING SOURCE
Original cataloging agency DLC
Transcribing agency DLC
Modifying agency DLC
-- BD-RjUL
Language of cataloging eng
041 ## - LANGUAGE CODE
Language code of text/sound track or separate title eng
082 00 - DEWEY DECIMAL CLASSIFICATION NUMBER
Classification number 796.343
Edition number 19
Author mark and year VER 1977
100 1# - MAIN ENTRY--PERSONAL NAME
Personal name Verner, Bill.
9 (RLIN) 50840
245 10 - TITLE STATEMENT
Title Racquetball /
Statement of responsibility, etc. Bill Verner with Drew Skowrup.
250 ## - EDITION STATEMENT
Edition statement 1st ed.
260 ## - PUBLICATION, DISTRIBUTION, ETC. (IMPRINT)
Place of publication, distribution, etc. Palo Alto, Calif. :
Name of publisher, distributor, etc. Mayfield Pub. Co.,
Date of publication, distribution, etc. 1977.
300 ## - PHYSICAL DESCRIPTION
Pagination vii, 113 p. :
Illustrations ill. ;
Size 23 cm.
500 ## - GENERAL NOTE
General note "Official rules of racquetball": p. 99-107.
504 ## - BIBLIOGRAPHY, ETC. NOTE
Bibliography, etc Bibliography: p. 113.
650 #0 - SUBJECT ADDED ENTRY--TOPICAL TERM
Topical term or geographic name as entry element Racquetball.
9 (RLIN) 50841
700 1# - ADDED ENTRY--PERSONAL NAME
Personal name Skowrup, Drew,
Relator term joint author.
942 ## - ADDED ENTRY ELEMENTS (KOHA)
Source of classification or shelving scheme Dewey Decimal Classification
Koha item type Books
Holdings
Lost status Source of classification or shelving scheme Damaged status Not for loan Collection code Permanent Location Current Location Shelving location Date acquired Source of acquisition Total Checkouts Full call number Date last seen Copy number Koha item type
  Dewey Decimal Classification   Not For Loan Non-fiction Central Library, University of Rajshahi Central Library, University of Rajshahi Reading Room 05/11/1992 Asia foundation   796.343 VER 1977 13/02/2014 C-1 Books